00645nam a22001817a 450000500170000001000250001702000260004203500180006803500140008603700220010008200160012210000180013824500980015626000460025427000870030030000260038750000500041320150729125004.0 aBAC-EN21 ENG-113237 a9789350354377c625.00 aB-593486-512  a EN-96769 bUBH/VenaDBAD/PUB a340.0917645 aTahir Mahmood aPrinciples of Hindu law:bpersonal law of Hindus, Buddhists, Jains & Sikhs/cby Tahir Mahmood aNew DelhibUniversal Law Publishingc2014 aA-58, G.T.Karnal Road Industrial Area, (Near Azadpur Metro Station)bDelhie110033 alii, 419p.c24cm(pbk) aIncludes bibliographical references and index